000 00838cab a2200253 4500
001 ABS58454
008 090401t1998 xxu||||| |||| 00| 0 eng d
035 _a(Sirsi) u85307
041 _aeng
100 _aJudge, A.
245 _aOut of the shadows
260 _c1998
350 _a0
490 _aEstates Gazette
_v(9812) 21 March 1998, 130-131(2)
520 _aExplores the Land Registration Act 1997 which comes into force on 1 April 1998 together with the Land Registration Rules 1997. Looks at the Act`s main provisions, changes to the existing system and voluntary registration.
650 _aCOMPULSORY REGISTRATION
650 _aLAND REGISTRATION ACT 1997
650 _aLAND REGISTRATION RULES 1997
650 _aHM LAND REGISTRY
690 _aLAND
700 _aSwaine, P.
942 _n0
948 _c30/03/1998
999 _c53635
_d53635